LEADER 02995nam 2200601 a 450 001 9910144826903321 005 20170810195520.0 010 $a1-282-34995-3 010 $a9786612349959 010 $a0-470-98568-2 010 $a0-470-98567-4 035 $a(CKB)1000000000687754 035 $a(EBL)470602 035 $a(OCoLC)609849578 035 $a(SSID)ssj0000302057 035 $a(PQKBManifestationID)11215519 035 $a(PQKBTitleCode)TC0000302057 035 $a(PQKBWorkID)10266498 035 $a(PQKB)10924903 035 $a(MiAaPQ)EBC470602 035 $a(EXLCZ)991000000000687754 100 $a20070907d2008 uy 0 101 0 $aeng 135 $aur|n|---||||| 181 $ctxt 182 $cc 183 $acr 200 10$aLuminescent materials and applications$b[electronic resource] /$fAdrian Kitai 210 $aChichester, England ;$aHoboken, NJ $cJohn Wiley$dc2008 215 $a1 online resource (294 p.) 225 1 $aWiley series in materials for electronic and optoelectronic applications 300 $aDescription based upon print version of record. 311 $a0-470-05818-8 320 $aIncludes bibliographical references and index. 327 $aPrinciples of luminescence / Adrian H. Kitai -- Phosphor quantum dots / Debasis Bera, Lei Qian and Paul H. Holloway -- Color conversion phosphors for LEDS / Jack Silver and Robert Withnall -- Development of white OLED technology for application in full-color displays and solid-state lighting / T.K. Hatwar and Jeff Spindler -- Polymer light-emitting electrochemical cells / Jun Gao -- LED materials and devices / Tsunemasa Taguchi -- Thin film electroluminescence / Adrian H. Kitai -- AC powder electroluminescence / Feng Chen and Yingwei Xiang. 330 $aLuminescence, for example, as fluorescence, bioluminescence, and phosphorescence, can result from chemical changes, electrical energy, subatomic motions, reactions in crystals, or stimulation of an atomic system. This subject continues to have a major technological role for humankind in the form of applications such as organic and inorganic light emitters for flat panel and flexible displays such as plasma displays, LCD displays, and OLED displays.Luminescent Materials and Applications describes a wide range of materials and applications that are of current interest including or 410 0$aWiley series in materials for electronic and optoelectronic applications. 606 $aElectroluminescent devices$xMaterials 606 $aElectroluminescence 606 $aLuminescence 608 $aElectronic books. 615 0$aElectroluminescent devices$xMaterials. 615 0$aElectroluminescence. 615 0$aLuminescence. 676 $a621.36 700 $aKitai$b Adrian$f1957-$0944199 801 0$bMiAaPQ 801 1$bMiAaPQ 801 2$bMiAaPQ 906 $aBOOK 912 $a9910144826903321 996 $aLuminescent materials and applications$92131317 997 $aUNINA LEADER 02998nam 2200793 a 450 001 9910955445203321 005 20230803021514.0 010 $a0-19-933105-7 035 $a(CKB)2550000001113498 035 $a(DLC)2013008728 035 $a(StDuBDS)AH25701468 035 $a(SSID)ssj0000984435 035 $a(PQKBManifestationID)12489979 035 $a(PQKBTitleCode)TC0000984435 035 $a(PQKBWorkID)11013859 035 $a(PQKB)11213242 035 $a(OCoLC)865511418 035 $a(FINmELB)ELB165176 035 $a(MiAaPQ)EBC3055570 035 $a(Au-PeEL)EBL3055570 035 $a(CaPaEBR)ebr10752721 035 $a(CaONFJC)MIL513354 035 $a(OCoLC)857463267 035 $a(EXLCZ)992550000001113498 100 $a20130313d2013 uy 0 101 0 $aeng 135 $aur||||||||||| 181 $ctxt 182 $cc 183 $acr 200 14$aThe forerunner of all things $eBuddhaghosa on mind, intention, and agency /$fMaria Heim 205 $a1st ed. 210 $aNew York $cOxford University Press$d[2013] 215 $a1 online resource (x, 246 pages) 300 $aBibliographic Level Mode of Issuance: Monograph 311 08$a0-19-933104-9 311 08$a1-299-82103-0 320 $aIncludes bibliographical references (pages 225-237) and index. 327 $aCover -- Contents -- Acknowledgments -- Abbreviations -- Introduction -- 1. Constructing Experience: Intention in the Suttas -- 2. The Work of Intention: Mental Life in the Abhidhamma -- 3. Culpability and Disciplinary Culture in the Vinaya -- 4. Making Actions Intelligible: Intention and Mind in Stories -- Conclusion -- Bibliography -- Index. 330 $aScholars have long been intrigued by the Buddha's defining action (karma) as intention. This book explores systematically how intention, agency, and moral psychology were interpreted in all branches of early Theravada thought, paying special attention to the thought of the 5th-century commentator Buddhaghosa. 606 $aWill$xReligious aspects$xBuddhism 606 $aKarma 606 $aTherava?da Buddhism$xDoctrines 606 $aWill$xReligious aspects$xBuddhism 606 $aKarma$xDoctrines 606 $aTherava?da Buddhism 606 $aReligion$2HILCC 606 $aPhilosophy & Religion$2HILCC 606 $aBuddhism$2HILCC 608 $aElectronic books.$2lcsh 615 0$aWill$xReligious aspects$xBuddhism. 615 0$aKarma. 615 0$aTherava?da Buddhism$xDoctrines. 615 0$aWill$xReligious aspects$xBuddhism. 615 0$aKarma$xDoctrines. 615 0$aTherava?da Buddhism. 615 7$aReligion 615 7$aPhilosophy & Religion 615 7$aBuddhism 676 $a294.3422 700 $aHeim$b Maria$f1969-$01851749 801 0$bDLC 801 1$bDLC 801 2$bStDuBDSZ 801 2$bUkPrAHLS 906 $aBOOK 912 $a9910955445203321 996 $aThe forerunner of all things$94446014 997 $aUNINA